000 00305pam a2200133 a 4500
020 _c
041 _h
082 _a708
_bUPA
100 _aAnushuman Das Gupta .
245 _aHema Upadhyay
_hTextual Documents
260 _a[s.l]:
_bVadhera Art Gallery,
_c2007.
300 _a65:
_bpaper.
930 _a7083
999 _c240873
_d240873